000 00633nam a2200241Ia 4500
003 OSt
005 20221007080733.0
006 a|||||r|||| 00| 0
007 ta
008 221006b |||||||| |||| 00| 0 eng d
024 _a27,642
037 _cTextual
040 _aFLL
_cFLL
_beng
041 _2eng
_aeng
082 _aZ73:122, J3
100 _aSchatkin Sidney B.
_9695371
245 0 _aDisputed paternity proceedings
250 _a3rd
260 _aNew York
_bBanks and Company New
_c1953
300 _axii,823p
_ccm.
942 _hZ73:122, J3
_cTEXL
_2CC
999 _c1160731
_d1160731